Explotación sexual comercial: instrumento para evaluar la efectividad de las intervenciones dirigidas a niñas, niños y personas adolescentes víctimas /
Uloženo v:
| Hlavní autor: | |
|---|---|
| Médium: | Neznámo |
| Jazyk: | Spanish |
| Vydáno: |
Costa Rica :
Universidad de Costa Rica. Escuela de Psicología
2008
|
| Témata: | |
| Tagy: |
Přidat tag
Žádné tagy, Buďte první, kdo vytvoří štítek k tomuto záznamu!
|
MARC
| LEADER | 00000 a2200000 04500 | ||
|---|---|---|---|
| 001 | 45194 | ||
| 003 | cru IIS | ||
| 005 | 20221122101722.0 | ||
| 008 | 050630s2008 cr spa d | ||
| 040 | |c cru IIS | ||
| 090 | |a RE 02.04.02 C591e | ||
| 100 | |a Claramunt, María Cecilia | ||
| 245 | |a Explotación sexual comercial: |b instrumento para evaluar la efectividad de las intervenciones dirigidas a niñas, niños y personas adolescentes víctimas / |c María Cecilia Claramunt | ||
| 260 | |a Costa Rica : |b Universidad de Costa Rica. Escuela de Psicología |c 2008 | ||
| 300 | |a 54 páginas |b PDF | ||
| 505 | |a Versión en digital, en formato PDF, en un CD-ROOM, del libro "Explotación sexual comercial: instrumento para evaluar la efectividad de las intervenciones dirigidas a niñas, niños y personas adolescentes víctimas" de María Cecilia Claramunt | ||
| 650 | 0 | |9 695 |a EXPLOTACION SEXUAL COMERCIAL | |
| 650 | 0 | |9 3332 |a EVALUACIÓN DE PROGRAMAS | |
| 650 | 0 | |9 3745 |a INTERVENCION DEL ESTADO | |
| 942 | |2 ddc |c RE | ||
| 999 | |c 44616 |d 44616 | ||
